000 00695nam a2200169Ia 4500
008 090711s9999 xx 000 0 und d
082 _b52893
100 _aसोहोनी श्री. वि.
245 _aटेलिव्हिजन दुरुस्ती विभाग 1ते6
260 _bनितीन प्रकाशन
_c1984
300 _a294
600 _aसोहोनी श्री. वि.
630 _aटेलिव्हिजन दुरुस्ती विभाग 1ते6
700 _aसोहोनी श्री. वि.
730 _aटेलिव्हिजन दुरुस्ती विभाग 1ते6
942 _cBOOK
999 _c328929
_d328929